000 00425nam a2200157 4500
001 132883
003 ES-MaACL
005 20230906194253.0
007 t|
008 070214s1937 xxu r ||||1| eng d
100 1 _aRosman, Alice Grant.
_999789
245 1 0 _aTruth to tell /
_cAlice Grant Rosman.
260 _aNew York :
_bG. Putnam's Sons,
_c1937.
300 _a277 p. ;
_c20 cm.
852 _aES-MaACL
_jC-25092
_bR.53715
999 _c132883
_d132883